| 000 | 01125nam a2200217Ia 4500 | ||
|---|---|---|---|
| 999 |
_c39030 _d39030 |
||
| 001 | 5543 | ||
| 003 | GE_BSU | ||
| 005 | 20190507111016.0 | ||
| 008 | 181216s1963||||ge |||||||||||||| ||geo|| | ||
| 040 | _cGE_BSU | ||
| 041 | _ageo | ||
| 080 | _a691(075) ბ-83 | ||
| 100 |
_aბოლქვაძე, ლ. _9805 |
||
| 245 |
_aძირითადი საშენი მასალები და ნაკეთობანი(ტექნოლოგია,თვისებები,გამოყენება) : _bსახელმძღვ. / _cლ. ბოლქვაძე, შ. სირაძე, დ. ჩოგოვაძე ; რედ. გ. ჯორჯანელი. |
||
| 264 |
_aთბილისი : _bსაბჭოთა საქართველო, _c1963. |
||
| 300 |
_a298 გვ. : _bილ. ; _c 22 სმ. |
||
| 653 | _aძირითადი საშენი მასალები და ნაკეთობანი | ||
| 700 |
_aსირაძე, შ. _eავტორი _9839 |
||
| 700 |
_aჩოგოვაძე, დ. _eავტორი _9840 |
||
| 942 |
_cBK _2udc |
||